| 000 -LEADER |
| fixed length control field |
01371 a2200349 4500 |
| 003 - CONTROL NUMBER IDENTIFIER |
| control field |
Nust |
| 005 - DATE AND TIME OF LATEST TRANSACTION |
| control field |
20220727134523.0 |
| 010 ## - LIBRARY OF CONGRESS CONTROL NUMBER |
| LC control number |
2009054387 |
| 020 ## - INTERNATIONAL STANDARD BOOK NUMBER |
| International Standard Book Number |
0-470-51692-5 (hbk.) : |
| 020 ## - INTERNATIONAL STANDARD BOOK NUMBER |
| International Standard Book Number |
978-0-470-51692-8 (hbk.) : |
| 035 ## - SYSTEM CONTROL NUMBER |
| System control number |
(Uk)014601519 |
| 040 ## - CATALOGING SOURCE |
| Transcribing agency |
Nust |
| 082 00 - DEWEY DECIMAL CLASSIFICATION NUMBER |
| Classification number |
006.696,RIC |
| 100 1# - MAIN ENTRY--PERSONAL NAME |
| Personal name |
Richardson, Iain E. G. |
| 9 (RLIN) |
95506 |
| 245 14 - TITLE STATEMENT |
| Title |
The H.264 advanced video compression standard / |
| Statement of responsibility, etc. |
by Iain E.G. Richardson. |
| 250 ## - EDITION STATEMENT |
| Edition statement |
2nd ed. |
| 260 ## - PUBLICATION, DISTRIBUTION, ETC. |
| Place of publication, distribution, etc. |
Hoboken, N.J. : |
| Name of publisher, distributor, etc. |
Wiley ; |
| Place of publication, distribution, etc. |
Chichester : |
| Name of publisher, distributor, etc. |
John Wiley [distributor], |
| Date of publication, distribution, etc. |
2010. |
| 300 ## - PHYSICAL DESCRIPTION |
| Extent |
xxx, 316 p. : |
| Other physical details |
ill. ; |
| Dimensions |
26 cm. |
| 505 ## - FORMATTED CONTENTS NOTE |
| Formatted contents note |
Introduction (Page-1), Video Formats And Quality (Page-7), Video Coding Concepts (Page-25), What Is H.264? (Page-81), H.264 Prediction (Page-137), H.264 Conformance, Transport And Licencing (Page-223), H.264 Performance (Page-255), Extension And Directions (Page-287). |
| 650 #7 - SUBJECT ADDED ENTRY--TOPICAL TERM |
| Topical term or geographic name entry element |
Digital video |
| 9 (RLIN) |
55774 |
| 650 #7 - SUBJECT ADDED ENTRY--TOPICAL TERM |
| Topical term or geographic name entry element |
Digital video |
| 9 (RLIN) |
55774 |
| 650 #7 - SUBJECT ADDED ENTRY--TOPICAL TERM |
| Topical term or geographic name entry element |
Digital video |
| General subdivision |
Standards. |
| 9 (RLIN) |
95507 |
| 650 #7 - SUBJECT ADDED ENTRY--TOPICAL TERM |
| Topical term or geographic name entry element |
MPEG |
| 9 (RLIN) |
95508 |
| 650 #7 - SUBJECT ADDED ENTRY--TOPICAL TERM |
| Topical term or geographic name entry element |
MPEG (Video coding standard) |
| 9 (RLIN) |
95509 |
| 650 #7 - SUBJECT ADDED ENTRY--TOPICAL TERM |
| Topical term or geographic name entry element |
MPEG (Video coding standard) |
| 9 (RLIN) |
95509 |
| 650 #7 - SUBJECT ADDED ENTRY--TOPICAL TERM |
| Topical term or geographic name entry element |
Multimedia |
| 9 (RLIN) |
57915 |
| 650 #7 - SUBJECT ADDED ENTRY--TOPICAL TERM |
| Topical term or geographic name entry element |
Multimedia systems |
| 9 (RLIN) |
36511 |
| 650 #7 - SUBJECT ADDED ENTRY--TOPICAL TERM |
| Topical term or geographic name entry element |
Multimedia systems. |
| 9 (RLIN) |
36511 |
| 650 #7 - SUBJECT ADDED ENTRY--TOPICAL TERM |
| Topical term or geographic name entry element |
Video compression |
| General subdivision |
Standards. |
| 9 (RLIN) |
95510 |
| 700 1# - ADDED ENTRY--PERSONAL NAME |
| Personal name |
Richardson, Iain E. G. |
| 9 (RLIN) |
95506 |
| 942 ## - ADDED ENTRY ELEMENTS (KOHA) |
| Source of classification or shelving scheme |
|
| Koha item type |
Book |